[Event "12th American Continental"]
[Site "Medellin COL"]
[Date "2017.06.13"]
[Round "6.15"]
[White "Martinez Romero,M"]
[Black "Cordova,E"]
[Result "0-1"]
[WhiteElo "2427"]
[BlackElo "2651"]

1.c4 b6 2.Nf3 Bb7 3.b3 c5 4.Bb2 d6 5.g3 Nd7 6.Bg2 Ngf6 7.O-O g6 8.d3 Bg7
9.Nbd2 O-O 10.e4 Qc7 11.Qc2 e6 12.Rfe1 Rfd8 13.a3 Ne5 14.b4 Rac8 15.b5 Nfd7
16.Ra2 a5 17.h3 Nf8 18.Nh2 d5 19.f4 Nxd3 20.Qxd3 dxe4 21.Qe2 f5 22.Bxg7 Qxg7
23.Qf2 Rd3 24.Bf1 Rd6 25.Bg2 Rcd8 26.Nhf1 e5 27.fxe5 Qxe5 28.g4 Ne6 29.gxf5
gxf5 30.Nf3 Qf6 31.Nh4 Nd4 32.Qf4 Ne6 33.Qxf5 Qxh4 34.Bxe4 Ng5 35.Bxb7 Nxh3+
36.Kh1 Rf6 37.Bd5+ Kh8 38.Qe5 Nf2+ 39.Kg1 {#R} 0-1

[Event "12th American Continental"]
[Site "Medellin COL"]
[Date "2017.06.13"]
[Round "6.18"]
[White "Garcia,Gild"]
[Black "Ramirez,Alej"]
[Result "0-1"]
[WhiteElo "2396"]
[BlackElo "2552"]

1.e4 c5 2.Nf3 e6 3.d4 cxd4 4.Nxd4 Nc6 5.Nc3 Qc7 6.Be2 a6 7.O-O Nf6 8.Be3 Be7
9.f4 d6 10.a4 O-O 11.Bf3 Rd8 12.Kh1 Ne5 13.Ndb5 axb5 14.Nxb5 Qc6 15.fxe5 dxe5
16.Qe2 b6 17.Qf2 Nd7 18.b3 Bb7 19.Rad1 Nc5 20.Bxc5 Qxc5 21.Qe2 Qb4 22.g3 Bc6
23.Bg2 Rf8 24.Rb1 Bc5 25.Nc7 Rad8 26.Na6 Qd2 27.Qxd2 Rxd2 28.Nxc5 bxc5 29.c3
Ra8 30.Rbd1 Rxd1 31.Rxd1 c4 32.b4 Bxa4 33.Ra1 Bc6 34.Rxa8+ Bxa8 35.Kg1 Kf8
36.Bf1 Bxe4 37.Bxc4 g5 38.Kf2 Ke7 39.Be2 Kd6 40.c4 f5 41.Bf3 Bxf3 42.Kxf3 e4+
43.Ke3 Ke5 44.b5 {#R} 0-1

[Event "12th American Continental"]
[Site "Medellin COL"]
[Date "2017.06.13"]
[Round "6.19"]
[White "Ynojosa,F"]
[Black "Kaidanov,G"]
[Result "1-0"]
[WhiteElo "2395"]
[BlackElo "2550"]

1.c4 e6 2.Nc3 d5 3.d4 c6 4.Nf3 Nf6 5.Bg5 dxc4 6.e4 b5 7.e5 h6 8.Bh4 g5 9.Nxg5
hxg5 10.Bxg5 Nbd7 11.exf6 Qa5 12.Be2 Bb7 13.O-O O-O-O 14.Qc2 c5 15.d5 exd5
16.Qf5 Bd6 17.h4 Rhe8 18.Bf3 d4 19.Bxb7+ Kxb7 20.Qd5+ Kc7 21.a4 dxc3 22.axb5
Qb6 23.Ra6 Re5 24.Qxc4 Qxa6 25.bxa6 cxb2 26.f4 Re3 27.Rb1 Rb8 28.Qc2 Reb3
29.h5 R3b4 30.h6 c4 31.h7 Bc5+ 32.Kh2 Bd4 33.Bh4 c3 34.Be1 Rb3 35.Qd3 c2
36.Qxc2+ Nc5 37.Qc4 Rd3 38.Qxf7+ Kc6 39.Qg8 {#r} 1-0

[Event "12th American Continental"]
[Site "Medellin COL"]
[Date "2017.06.13"]
[Round "6.20"]
[White "Sanchez L,S"]
[Black "Morovic Fernandez,I"]
[Result "0-1"]
[WhiteElo "2388"]
[BlackElo "2537"]

1.d4 Nf6 2.c4 e6 3.g3 d5 4.Nf3 Bb4+ 5.Bd2 Bd6 6.Qc2 O-O 7.Bg2 c6 8.O-O Nbd7
9.Bf4 Bxf4 10.gxf4 b6 11.cxd5 cxd5 12.Nc3 Bb7 13.e3 Qe7 14.Rfc1 Rfc8 15.Qe2
Ne4 16.Nxe4 dxe4 17.Nd2 f5 18.a3 Nf6 19.Bf1 Kh8 20.Kh1 Rg8 21.Bh3 Nd5 22.Rg1
Rac8 23.Nc4 Ba6 24.Rac1 Rc7 25.b3 Rgc8 26.a4 g6 27.Bf1 Qb4 28.Qa2 Kg7 29.Be2
Bb7 30.Qb2 a5 31.Rc2 Ba6 32.Rgc1 Kf8 33.Kg1 b5 34.axb5 Bxb5 35.Bf1 a4 36.Ne5
a3 37.Rxc7 Rxc7 38.Qa1 Bxf1 39.Rxc7 Nxc7 40.Nc6 Qd6 41.d5 Kg8 42.Kxf1 Nxd5
43.Nd4 Qa6+ 44.Kg2 a2 45.Nc2 Qe2 46.Qe5 Kf7 47.Kg1 {#R} 0-1

[Event "12th American Continental"]
[Site "Medellin COL"]
[Date "2017.06.13"]
[Round "6.22"]
[White "Valenzuela Gomez,F"]
[Black "Rios,Cr"]
[Result "0-1"]
[WhiteElo "2377"]
[BlackElo "2499"]

1.d4 Nf6 2.c4 e6 3.Nc3 Bb4 4.e3 O-O 5.Bd3 d5 6.Nf3 c5 7.O-O Nc6 8.cxd5 exd5
9.dxc5 Bxc5 10.h3 a6 11.b3 d4 12.exd4 Nxd4 13.Bb2 Ne6 14.Ne4 Be7 15.Qc2 Nd5
16.Ng3 h6 17.Rad1 Qa5 18.a3 Rd8 19.Ne5 Nef4 20.Bh7+ Kf8 21.Nc4 Qc5 22.Bd4 Qc6
23.Be4 b5 24.Bxd5 Rxd5 25.Qh7 f6 26.Ne3 Rg5 27.Rc1 Qb7 28.Rfe1 Be6 29.h4 Rg6
30.Bc5 Bxc5 31.Rxc5 Bg8 32.Qh8 Rxg3 33.Nd5 Rxg2+ 34.Kf1 Nxd5 35.Kxg2 Nf4+ {#R}
0-1

[Event "12th American Continental"]
[Site "Medellin COL"]
[Date "2017.06.13"]
[Round "6.25"]
[White "Rios,Al"]
[Black "Arenas,D"]
[Result "0-1"]
[WhiteElo "2345"]
[BlackElo "2488"]

1.e4 g6 2.d4 Bg7 3.Nc3 d6 4.Be3 a6 5.Qd2 b5 6.O-O-O Bb7 7.f3 Nd7 8.h4 h6 9.Nh3
Ngf6 10.g4 c6 11.Ne2 Qc7 12.Ng3 c5 13.g5 hxg5 14.hxg5 Nh5 15.Nxh5 Rxh5 16.Be2
cxd4 17.Bxd4 Bxd4 18.Qxd4 Qc5 19.Qxc5 Nxc5 20.Rdg1 e5 21.Kd2 Ke7 22.Nf2 Rxh1
23.Rxh1 Ne6 24.Rg1 Rh8 25.a3 Rh2 26.Ke3 d5 27.exd5 Nd4 28.Bd3 Bxd5 29.f4 Nf5+
{#R} 0-1

[Event "12th American Continental"]
[Site "Medellin COL"]
[Date "2017.06.13"]
[Round "6.26"]
[White "Chumpitaz,A"]
[Black "Molina,Rob"]
[Result "1-0"]
[WhiteElo "2163"]
[BlackElo "2464"]

1.e4 c5 2.Nf3 e6 3.d4 cxd4 4.Nxd4 Nc6 5.Nc3 Qc7 6.Ndb5 Qb8 7.Be3 a6 8.Bb6 axb5
9.Nxb5 Bb4+ 10.c3 Ba5 11.Nc7+ Qxc7 12.Bxc7 Bxc7 13.Be2 Nf6 14.Qc2 O-O 15.O-O
d5 16.exd5 exd5 17.a4 Be6 18.Bb5 Ne5 19.f3 Rac8 20.Kh1 Bb6 21.a5 Bc5 22.Rfe1
Nc4 23.Bxc4 dxc4 24.Rxe6 fxe6 25.Qe2 Rfe8 26.Qxc4 Bf8 27.Qb5 Re7 28.c4 Rec7
29.b3 Rd7 30.g3 Rc5 31.Qb4 e5 32.a6 bxa6 33.Rxa6 e4 34.Ra8 Rd1+ 35.Kg2 exf3+
36.Kxf3 Nd7 37.Qc3 Ne5+ 38.Kg2 Rd3 39.Qe1 Ng6 40.Qe6+ Kh8 41.Qf7 Rd2+ 42.Kf1
{#r} 1-0

[Event "12th American Continental"]
[Site "Medellin COL"]
[Date "2017.06.13"]
[Round "6.27"]
[White "Terry,R"]
[Black "Mendoza,Raf"]
[Result "1-0"]
[WhiteElo "2454"]
[BlackElo "2293"]

1.d4 Nf6 2.Nf3 e6 3.c4 b6 4.g3 Ba6 5.Qa4 Be7 6.Bg2 O-O 7.O-O Bb7 8.Rd1 a5
9.Nc3 Qe8 10.Qc2 Nc6 {#r} 1-0

[Event "12th American Continental"]
[Site "Medellin COL"]
[Date "2017.06.13"]
[Round "6.28"]
[White "Hernandez Montes,Jhon Sebastian"]
[Black "Gallego Alcaraz,A"]
[Result "0-1"]
[WhiteElo "2292"]
[BlackElo "2453"]

1.e4 e6 2.d4 d5 3.Nd2 Nf6 4.e5 Nfd7 5.Bd3 c5 6.c3 Nc6 7.Ne2 cxd4 8.cxd4 f6
9.exf6 Nxf6 10.O-O Bd6 11.Nf3 Qc7 12.Bg5 O-O 13.Rc1 Ng4 14.Ng3 g6 15.Nh4 e5
16.dxe5 Bxe5 17.Be2 Nf6 18.b4 Qd6 19.b5 Nd4 20.f4 Nxe2+ 21.Nxe2 Bb2 22.Rc2 Ba3
23.f5 Ne4 24.Bh6 Rf7 25.Ng3 Bc5+ 26.Kh1 Nxg3+ 27.hxg3 Qxg3 28.Qe1 Qxe1 29.Rxe1
Re7 30.Rf1 b6 31.fxg6 hxg6 32.Rf6 Re6 {#R} 0-1

[Event "12th American Continental"]
[Site "Medellin COL"]
[Date "2017.06.13"]
[Round "6.29"]
[White "Leiva,G"]
[Black "Guerrero,JuC"]
[Result "1-0"]
[WhiteElo "2449"]
[BlackElo "2303"]

1.d4 Nf6 2.c4 g6 3.g3 Bg7 4.Bg2 d5 5.Nf3 O-O 6.cxd5 Nxd5 7.O-O Nb6 8.Nc3 Nc6
9.e3 Re8 10.Re1 a5 11.Rb1 a4 12.Ng5 Ra5 13.f4 Bf5 14.Nge4 Qc8 15.b4 axb3
16.Qxb3 Be6 17.Qc2 Rd8 18.Rb5 Rxb5 19.Nxb5 Bc4 20.Qb1 Nd5 21.Na3 Ba6 22.Nc5 b6
23.Nxa6 Qxa6 24.Qb3 Na5 25.Qc2 c6 26.Bd2 Nb7 27.Qxc6 Qxa3 28.Bxd5 Na5 29.Qb5
e6 30.Qxb6 Rxd5 31.Bb4 {#r} 1-0

[Event "12th American Continental"]
[Site "Medellin COL"]
[Date "2017.06.13"]
[Round "6.30"]
[White "Pulvett,D"]
[Black "Soto,Christian Camilo"]
[Result "1-0"]
[WhiteElo "2437"]
[BlackElo "2102"]

1.d4 Nf6 2.c4 e6 3.Nf3 d5 4.g3 c6 5.Bg2 Nbd7 6.Qc2 Ne4 7.O-O f5 8.Bf4 Be7
9.Nc3 O-O 10.cxd5 exd5 11.Ne5 Nxe5 12.Bxe5 Bf6 13.Bxf6 Rxf6 14.e3 g5 15.Ne2
Qe7 16.Rae1 Bd7 17.Nc1 Raf8 18.Nd3 Kh8 19.Ne5 Be8 20.f4 gxf4 21.Rxf4 Nd6
22.Ref1 Bg6 23.Qc3 a6 24.b3 Kg7 25.a4 Qe6 26.b4 Be8 27.Bh3 Qe7 28.Qc5 Bd7
29.b5 Be6 30.Bg2 Qc7 31.Qc3 Nc4 32.Nxc4 dxc4 33.e4 Qb6 34.a5 Qd8 35.d5 cxd5
36.exd5 Bd7 37.Rxc4 b6 38.Rc7 axb5 39.axb6 Rf7 40.d6 Kg6 41.g4 {#r} 1-0

[Event "12th American Continental"]
[Site "Medellin COL"]
[Date "2017.06.13"]
[Round "6.31"]
[White "Franco Valencia,B"]
[Black "Vazquez,Guillermo"]
[Result "0-1"]
[WhiteElo "2173"]
[BlackElo "2443"]

1.d4 Nf6 2.c4 e6 3.Nf3 d5 4.e3 b6 5.a3 Bb7 6.b3 Bd6 7.Bb2 O-O 8.Bd3 Nbd7 9.O-O
Ne4 10.Qe2 a6 11.Rd1 Qe7 12.Nbd2 f5 13.Ne5 Bxe5 14.dxe5 Ndc5 15.Bc2 Nxd2
16.Rxd2 dxc4 17.Qxc4 Bd5 18.Qc3 Ne4 19.Bxe4 fxe4 20.b4 Rf5 21.Rc1 c6 22.Qd4
Rb8 23.Rdc2 Rh5 24.h3 Qf7 25.Bc3 Qg6 26.Kh2 h6 27.Rg1 Rf8 28.Qxb6 Bc4 29.Qxc6
Bb5 30.Qd6 Qg4 31.Rh1 Rf3 32.Kg1 Rhxh3 33.Rxh3 Rxh3 34.Be1 Rh5 35.Qd8+ Kh7
36.Rc8 Rg5 37.g3 Qh3 {#R} 0-1

[Event "12th American Continental"]
[Site "Medellin COL"]
[Date "2017.06.13"]
[Round "6.32"]
[White "Fernandez,Fe"]
[Black "Montilla,J"]
[Result "1-0"]
[WhiteElo "2416"]
[BlackElo "2161"]

1.e4 c5 2.Nf3 Nc6 3.d4 cxd4 4.Nxd4 Qb6 5.Nb3 Nf6 6.Nc3 e6 7.Qe2 Bb4 8.Bd2 O-O
9.a3 Be7 10.O-O-O d5 11.exd5 Nxd5 12.g3 Rd8 13.Bg2 Bf8 14.Nxd5 exd5 15.Bg5 f6
16.Be3 d4 17.Qc4+ Kh8 18.Nxd4 Ne5 19.Qc3 Bg4 20.Rd2 Bc5 21.h3 Bh5 22.f4 Nf3
23.Bxf3 Bxf3 24.Rf1 Be4 25.b4 Bxd4 26.Bxd4 Qa6 27.Re1 Rac8 28.Bxf6 Qxf6
29.Qxf6 Rxd2 30.Kxd2 Rxc2+ 31.Ke3 gxf6 32.Kxe4 Rc3 33.Re3 f5+ 34.Kd4 Rc7
35.Re5 Rd7+ 36.Rd5 Rf7 37.Ke5 Kg7 38.Ke6 Rf6+ 39.Ke5 Rf7 40.a4 Kg6 41.Rd6+ Kg7
42.Ke6 Rf6+ 43.Kd7 Rf8 44.Kc7 b6 45.Rd7+ Kh6 46.Kb7 {#r} 1-0

[Event "12th American Continental"]
[Site "Medellin COL"]
[Date "2017.06.13"]
[Round "6.34"]
[White "Castaneda,Jorge Luis"]
[Black "Mosquera,M"]
[Result "1-0"]
[WhiteElo "2155"]
[BlackElo "2391"]

1.Nf3 Nf6 2.c4 g6 3.b3 Bg7 4.Bb2 O-O 5.g3 c5 6.Bg2 Nc6 7.O-O b6 8.e3 Bb7 9.d4
cxd4 10.Nxd4 Qc8 11.Nc3 Nxd4 12.exd4 Bxg2 13.Kxg2 d5 14.cxd5 Rd8 15.Qf3 Qb7
16.Rfe1 Bf8 17.Ba3 Nxd5 18.Bxe7 Bxe7 19.Nxd5 Qxd5 20.Qxd5 Rxd5 21.Rxe7 Rxd4
22.Rc1 a5 23.Rcc7 Rf8 24.Rc6 a4 25.Rxb6 Rd2 26.bxa4 Rxa2 27.Ra6 Kg7 28.a5 g5
29.h3 Ra3 30.Rb7 h6 31.Raa7 Kg6 32.Rb6+ Kg7 33.a6 Ra2 34.Rc7 Re8 35.Rbb7 Rxa6
36.Rxf7+ Kg6 37.g4 Re2 38.Rg7+ Kf6 39.Rh7 {#r} 1-0

[Event "12th American Continental"]
[Site "Medellin COL"]
[Date "2017.06.13"]
[Round "6.35"]
[White "Umetsubo,C"]
[Black "Valle,E"]
[Result "1-0"]
[WhiteElo "2381"]
[BlackElo "2155"]

1.d4 Nf6 2.Bf4 d6 3.e3 g6 4.h3 Bg7 5.Nf3 O-O 6.Bh2 c5 7.Nbd2 cxd4 8.exd4 Nc6
9.Be2 Bf5 10.O-O Nd5 11.c3 Nb6 12.Re1 e5 13.dxe5 dxe5 14.Bb5 f6 15.Qb3+ Kh8
16.Rad1 Qc8 17.Ne4 Be6 18.Qa3 Rd8 19.b3 a6 20.Be2 Bd5 21.Bf1 Bxe4 22.Rxd8+
Qxd8 23.Rxe4 Qd5 24.Re2 Bf8 25.Qc1 Rd8 26.Rd2 Bh6 27.Rxd5 Bxc1 28.Rxd8+ Nxd8
29.Nxe5 Nd5 30.Nd3 Ba3 31.c4 Nc3 32.Bf4 Nxa2 33.Bd2 Nc6 34.Be2 Bb4 35.Nxb4
Naxb4 36.Bf3 Nc2 37.Bxc6 bxc6 38.Bc3 Kg7 39.Kf1 c5 40.Ke2 a5 41.Kd3 {#r} 1-0

[Event "12th American Continental"]
[Site "Medellin COL"]
[Date "2017.06.13"]
[Round "6.36"]
[White "Oussedik,E"]
[Black "Quinonez Garcia,S"]
[Result "1-0"]
[WhiteElo "2155"]
[BlackElo "2379"]

1.d4 Nf6 2.c4 e6 3.Nf3 c5 4.d5 b5 5.dxe6 fxe6 6.cxb5 d5 7.Nc3 Bb7 8.e4 Be7
9.Ng5 Qd6 10.f4 e5 11.exd5 exf4 12.Bc4 Qe5+ 13.Qe2 Nbd7 14.Ne6 Qxe2+ 15.Bxe2
Kf7 16.Nxf4 g5 17.Ne6 Nxd5 18.Nxd5 Bxd5 19.Nc7 Bxg2 20.Rg1 Rac8 21.Bh5+ Kg7
22.Ne6+ Kh6 23.Be2 Bd5 24.Nxg5 Bxg5 25.Rxg5 {#r} 1-0

[Event "12th American Continental"]
[Site "Medellin COL"]
[Date "2017.06.13"]
[Round "6.37"]
[White "Posada,J"]
[Black "Ruiz C,J"]
[Result "0-1"]
[WhiteElo "2153"]
[BlackElo "2367"]

1.e4 e5 2.Nf3 Nc6 3.d4 exd4 4.Nxd4 Nf6 5.Nxc6 bxc6 6.e5 Qe7 7.Qe2 Nd5 8.c4 Ba6
9.b3 g6 10.g3 Bg7 11.Bb2 O-O 12.Bg2 f6 13.Qe4 Nb6 14.Ba3 d6 15.O-O fxe5 16.Rc1
c5 17.Nc3 Rab8 18.Qe2 Bb7 19.Bxb7 Rxb7 20.Rc2 Qf7 21.Ne4 Nc8 22.Rd1 Qf3 23.Qe1
Ne7 24.Rc3 Qg4 25.Rcd3 Nc6 26.Bxc5 dxc5 27.Nxc5 Rbb8 28.Nd7 Nd4 29.Nxf8 Rxf8
30.Kg2 c5 31.h3 Qf5 32.a3 e4 33.g4 Qf7 34.Qxe4 Qxf2+ 35.Kh1 Nf3 36.Qd5+ Kh8
37.Qd6 Ne1 {#R} 0-1

[Event "12th American Continental"]
[Site "Medellin COL"]
[Date "2017.06.13"]
[Round "6.38"]
[White "Benitez Rodriguez,C"]
[Black "Thavandiran,S"]
[Result "0-1"]
[WhiteElo "2144"]
[BlackElo "2363"]

1.d4 e6 2.Nf3 Nf6 3.c4 Bb4+ 4.Bd2 a5 5.g3 d5 6.a3 Be7 7.Bg2 c5 8.cxd5 exd5
9.Nc3 Nc6 10.O-O h6 11.Rc1 c4 12.Bf4 Bf5 13.Ne5 O-O 14.Re1 Rc8 15.e4 dxe4
16.d5 Nxe5 17.Bxe5 Bc5 18.Nxe4 Bxe4 19.Bxe4 Qb6 20.Qf3 Bxf2+ 21.Qxf2 Qxf2+
22.Kxf2 Ng4+ 23.Kg2 Nxe5 24.Bh7+ Kxh7 25.Rxe5 Rfd8 26.Rd1 Rd7 27.Kf3 Kg6
28.Ke4 c3 29.bxc3 Rxc3 30.d6 Rc4+ 31.Ke3 Rc3+ 32.Ke4 Rc4+ 33.Ke3 Rc6 34.Red5
b6 35.Ke4 f6 36.Kf4 Rc4+ 37.Kf3 Rc3+ 38.Kf4 Rxa3 39.Rb5 f5 40.Rxb6 Kf6 {#R}
0-1

[Event "12th American Continental"]
[Site "Medellin COL"]
[Date "2017.06.13"]
[Round "6.39"]
[White "Alzate,D"]
[Black "Garcia,Alv COL"]
[Result "1-0"]
[WhiteElo "2362"]
[BlackElo "2152"]

1.d4 e6 2.c4 f5 3.Nf3 Nf6 4.g3 c6 5.Bg2 d5 6.O-O Bd6 7.b3 O-O 8.Ba3 Qe7 9.Bxd6
Qxd6 10.Qc1 Bd7 11.Qf4 Qe7 12.Ne5 Be8 13.Nd2 Nh5 14.Qe3 f4 15.Qc3 Nd7 16.Nxd7
Bxd7 17.Nf3 g5 18.Ne5 Be8 19.e4 dxc4 20.bxc4 Qg7 21.Qa3 Qh6 22.Ng4 Qg7 {#r}
1-0

[Event "12th American Continental"]
[Site "Medellin COL"]
[Date "2017.06.13"]
[Round "6.40"]
[White "Escobar Medina,A"]
[Black "Puppi Lazo,Jorge Luis"]
[Result "0-1"]
[WhiteElo "2343"]
[BlackElo "2120"]

1.b3 e5 2.Bb2 Nc6 3.e3 Nf6 4.Bb5 Bd6 5.d3 Na5 6.d4 Qe7 7.Nf3 e4 8.Nfd2 O-O
9.Be2 c5 10.dxc5 Bxc5 11.c4 d5 12.a3 Rd8 13.b4 Nxc4 14.Bxc4 Bxe3 15.fxe3 dxc4
16.Bd4 Ng4 17.Qe2 b5 18.Nc3 f5 19.Nxb5 Be6 20.O-O a6 21.Nc3 Rxd4 22.exd4 Qd6
23.g3 Qxd4+ 24.Kh1 Qxc3 25.Rac1 Qd3 26.Rfe1 e3 27.Nf3 Bd5 28.Kg2 Ne5 29.Qxd3
Bxf3+ {#R} 0-1

[Event "12th American Continental"]
[Site "Medellin COL"]
[Date "2017.06.13"]
[Round "6.42"]
[White "Echavarria,J"]
[Black "Ramirez Gonzalez,Mauricio"]
[Result "1-0"]
[WhiteElo "2309"]
[BlackElo "2108"]

1.e4 e6 2.d4 d5 3.exd5 exd5 4.Nf3 Bd6 5.c4 c6 6.Nc3 Ne7 7.Bd3 dxc4 8.Bxc4 O-O
9.O-O Bg4 10.Ne4 Bc7 11.Neg5 Bh5 12.g4 Bxg4 13.Nxf7 Rxf7 14.Bxf7+ Kh8 15.Bc4
Qf8 16.Be2 Nd7 17.Ne5 Nxe5 18.Bxg4 Rd8 19.f4 Nxg4 20.Qxg4 Nf5 21.Kh1 Rxd4
22.Re1 Kg8 23.Qe2 h6 24.Bd2 Qd6 25.Bc3 Rxf4 26.Be5 Qd5+ 27.Qg2 Bxe5 28.Qxd5+
cxd5 29.Rxe5 d4 30.Rd5 b6 31.Rd7 a5 32.Kg1 Kh7 33.Rf1 Rg4+ 34.Kf2 Ne3 35.Rg1
Rf4+ 36.Ke2 Nf5 37.Rf1 Re4+ 38.Kd3 Re5 39.Rf2 Re3+ 40.Kc4 Kg6 41.Rd5 Nh4
42.Kxd4 {#r} 1-0

[Event "12th American Continental"]
[Site "Medellin COL"]
[Date "2017.06.13"]
[Round "6.43"]
[White "Gonzalez Lopez,Nicolas Mateo"]
[Black "Arias Santana,M"]
[Result "0-1"]
[WhiteElo "2127"]
[BlackElo "2292"]

1.e4 e5 2.Nf3 Nc6 3.Bb5 a6 4.Ba4 Nf6 5.O-O b5 6.Bb3 Bc5 7.c3 d6 8.d4 Bb6 9.a4
Bg4 10.Be3 Rb8 11.axb5 axb5 12.Na3 O-O 13.Nxb5 Re8 14.Qd3 Bxf3 15.gxf3 Nh5
16.Bxf7+ Kxf7 17.Qc4+ Re6 18.Qxc6 Kg8 19.Kh1 Qf8 20.f4 exf4 21.Bd2 Kh8 22.e5
Rh6 23.exd6 cxd6 24.Rae1 Qd8 25.Qd5 Qh4 26.Qg2 d5 27.Rg1 Rf8 28.h3 g5 29.Qg4
Qxf2 30.Rg2 Qh4 31.Qxh4 gxh4 {#R} 0-1

[Event "12th American Continental"]
[Site "Medellin COL"]
[Date "2017.06.13"]
[Round "6.44"]
[White "Salcedo,Pablo Esteban"]
[Black "Franco Valencia,A"]
[Result "1-0"]
[WhiteElo "2103"]
[BlackElo "2286"]

1.d4 Nf6 2.c4 c5 3.d5 e6 4.Nc3 exd5 5.cxd5 Bd6 6.e4 O-O 7.Bd3 Re8 8.Nge2 Bc7
9.O-O d6 10.b3 Bg4 11.f3 Bd7 12.Bb2 Ba5 13.Ng3 Na6 14.Kh1 Nc7 15.f4 Ng4 16.Qf3
c4 17.Bxc4 b5 18.Be2 Qh4 19.h3 Ne3 20.Qxe3 Bxh3 21.Qg1 Bxc3 22.Bxc3 Qxg3
23.Rf3 Bxg2+ 24.Qxg2 Qxg2+ 25.Kxg2 Rxe4 26.Bd3 Ree8 27.Rh1 Nxd5 28.Bxh7+ Kf8
29.Be4 Rxe4 30.Rh8+ Ke7 31.Rxa8 Nxf4+ 32.Kg3 g5 33.Bd2 Ne2+ 34.Kf2 {#r} 1-0

[Event "12th American Continental"]
[Site "Medellin COL"]
[Date "2017.06.13"]
[Round "6.45"]
[White "Torres,Ju2"]
[Black "Pardo,Alejandro"]
[Result "1-0"]
[WhiteElo "2275"]
[BlackElo "2117"]

1.d4 Nf6 2.Nf3 e6 3.c4 b6 4.g3 Ba6 5.Qc2 Bb4+ 6.Bd2 Be7 7.e4 Bb7 8.Nc3 c5 9.d5
exd5 10.exd5 O-O 11.Bd3 Na6 12.a3 Re8 13.O-O d6 14.Rfe1 Nc7 15.Ne4 h6 16.Bc3
Nxe4 17.Rxe4 Bf6 18.Rf4 Bxc3 19.Qxc3 Qd7 20.Bf5 Qe7 21.Rd1 Bc8 22.Bc2 Bd7
23.Qd3 f5 24.Nh4 Qe2 25.Qxe2 Rxe2 26.Bxf5 Ba4 27.Rf1 g5 28.Rg4 Kf7 29.Ng2 Kf6
30.Bd3 Rd2 31.f4 Rxd3 32.fxg5+ Kg7 33.gxh6+ Kh8 34.Nf4 Rd2 35.Rg7 Bc2 36.Rxc7
Re8 37.Rxa7 Re3 38.Ng6+ {#r} 1-0

[Event "12th American Continental"]
[Site "Medellin COL"]
[Date "2017.06.13"]
[Round "6.46"]
[White "Cano,L"]
[Black "Soto,Miguel Angel"]
[Result "0-1"]
[WhiteElo "2264"]
[BlackElo "2072"]

1.e4 c5 2.Nf3 d6 3.d4 cxd4 4.Nxd4 Nf6 5.Nc3 g6 6.Be3 Bg7 7.f3 O-O 8.Bc4 Nc6
9.Qd2 Bd7 10.Bb3 Rc8 11.h4 Ne5 12.O-O-O h5 13.g4 hxg4 14.h5 Nxh5 15.Rxh5 gxh5
16.Qh2 e6 17.f4 Nc4 18.Qxh5 Nxe3 19.Rh1 Re8 20.e5 dxe5 21.fxe5 Qc7 22.Qh7+ Kf8
23.Rh5 Nf5 {#R} 0-1

[Event "12th American Continental"]
[Site "Medellin COL"]
[Date "2017.06.13"]
[Round "6.49"]
[White "Caceres Vasquez,S"]
[Black "Vittorino,C"]
[Result "0-1"]
[WhiteElo "2094"]
[BlackElo "2257"]

1.d4 Nf6 2.c4 g6 3.Nc3 Bg7 4.e4 d6 5.f4 O-O 6.Nf3 c5 7.d5 b5 8.cxb5 a6 9.a4
Nbd7 10.bxa6 Qa5 11.Bd2 Bxa6 12.Bxa6 Qxa6 13.Qe2 Rfb8 14.Qxa6 Rxa6 15.Bc1 Rb4
16.Nd2 Nh5 17.O-O Bd4+ 18.Kh1 Bxc3 19.bxc3 Rbxa4 20.Rxa4 Rxa4 21.g3 Nb6 22.Re1
Nf6 23.Kg2 Ra2 24.Kf3 Rc2 25.c4 Rc3+ 26.Kg2 Nxc4 27.Nxc4 Rxc4 28.Kf3 Nxe4
29.Bb2 f5 30.Re2 Rb4 31.Rc2 Kf7 32.Ba1 Rb1 {#R} 0-1

[Event "12th American Continental"]
[Site "Medellin COL"]
[Date "2017.06.13"]
[Round "6.50"]
[White "Avila Pavas,Santiago"]
[Black "Mateus,Al"]
[Result "1-0"]
[WhiteElo "2056"]
[BlackElo "2255"]

1.d4 d5 2.Bf4 Nf6 3.e3 c5 4.c3 Nc6 5.Nd2 g6 6.Ngf3 cxd4 7.exd4 Nh5 8.Bg3 Bg7
9.Bd3 O-O 10.O-O Nxg3 11.hxg3 e5 12.Nxe5 Nxe5 13.dxe5 Bxe5 14.Be2 Qb6 15.Qb3
Qc5 16.Qb5 Qxb5 17.Bxb5 Bg4 18.Rfe1 Bf6 19.Nb3 Rad8 20.f3 Bc8 21.Rad1 Rd6
22.Rd2 Rfd8 23.Red1 b6 24.Be2 Be6 25.a3 h5 26.Kf2 Kg7 27.Nd4 h4 28.gxh4 Bxh4+
29.g3 Bf6 30.Kg2 Bc8 31.f4 g5 32.Nb5 R6d7 33.Bg4 Re7 34.Bxc8 Rxc8 35.Nd6 {#r}
1-0

[Event "12th American Continental"]
[Site "Medellin COL"]
[Date "2017.06.13"]
[Round "6.53"]
[White "Herrera,Jua"]
[Black "Munoz Monroy,C"]
[Result "1-0"]
[WhiteElo "2220"]
[BlackElo "2002"]

1.d4 Nf6 2.Nc3 g6 3.e4 d6 4.f3 Bg7 5.Be3 O-O 6.Qd2 c6 7.O-O-O b5 8.Bh6 Qa5
9.Kb1 Nbd7 10.h4 Nb6 11.Bxg7 Kxg7 12.h5 e5 13.dxe5 dxe5 14.Qg5 h6 15.Qxe5 Be6
16.a3 Rfd8 17.Rxd8 Rxd8 18.Bd3 Bc4 19.hxg6 Bxd3 20.cxd3 Rxd3 21.gxf7 Kxf7
22.Qc7+ Rd7 23.Qxc6 Nc4 24.Rxh6 Rd6 25.Qb7+ Ke6 26.Nge2 a6 27.f4 Nd2+ 28.Ka2
Qd8 29.e5 {#r} 1-0

[Event "12th American Continental"]
[Site "Medellin COL"]
[Date "2017.06.13"]
[Round "6.57"]
[White "Remicio Duque,J"]
[Black "Lopez Gonzalez,A"]
[Result "0-1"]
[WhiteElo "2110"]
[BlackElo "2351"]

1.e4 d5 2.exd5 Nf6 3.d4 Bg4 4.Nf3 Qxd5 5.Be2 Nc6 6.c4 Qh5 7.O-O O-O-O 8.Be3 e5
9.h3 exd4 10.hxg4 Nxg4 11.Bf4 d3 12.Bxd3 Bd6 13.Bxd6 Rxd6 14.Nh4 Nce5 15.Bf5+
Kb8 16.Qb3 Rd3 17.Bxg4 Qxh4 {#R} 0-1

[Event "12th American Continental"]
[Site "Medellin COL"]
[Date "2017.06.13"]
[Round "6.64"]
[White "Andrade Truyol,Geiner Jose"]
[Black "Blandon Villa,D"]
[Result "0-1"]
[WhiteElo "2027"]
[BlackElo "2220"]

1.d4 Nf6 2.c4 g6 3.Nc3 d5 4.Nf3 Bg7 5.Bf4 O-O 6.e3 c5 7.dxc5 Qa5 8.Rc1 Rd8
9.Qa4 Qxc5 10.b4 Qc6 11.Nb5 Ne4 12.Be2 Na6 13.O-O Be6 14.cxd5 Qxd5 15.Bc4 Qf5
16.Bxe6 Qxe6 17.Nc7 Nxc7 18.Rxc7 Nc3 19.Qb3 Nd5 20.Ng5 Qf5 21.Rxb7 h6 22.Nf3
Qe4 23.Nd2 Qe6 24.Nc4 Rac8 25.Na5 Rc3 26.Qd1 Qa6 27.Qf3 {#R} 0-1

[Event "12th American Continental"]
[Site "Medellin COL"]
[Date "2017.06.13"]
[Round "6.65"]
[White "Brizuela Abreu,Reivis Gabriel"]
[Black "Okamura,M"]
[Result "1-0"]
[WhiteElo "2219"]
[BlackElo "2085"]

1.d4 d5 2.c4 e6 3.Nc3 c6 4.Nf3 Nf6 5.g3 dxc4 6.Bg2 b5 7.Bg5 Be7 8.O-O Bb7 9.a3
a6 10.e4 h6 11.Bf4 Nbd7 12.Qe2 O-O 13.Rad1 Re8 14.Bc1 c5 15.e5 Nd5 16.Ne4 Qc7
17.dxc5 Nxc5 18.Nxc5 Bxc5 19.g4 Be7 20.g5 hxg5 21.Nxg5 Bxg5 22.Bxg5 Ne7
23.Bxb7 Qxb7 24.Rd4 Nf5 25.Rg4 Kh7 26.Rc1 Rh8 27.Rc3 Kg8 28.h4 Qd5 29.Rf4 Ra7
30.b3 Nd4 31.Qg4 Nxb3 32.Bf6 Rh7 33.Rxb3 cxb3 34.Rd4 Rd7 35.Rxd5 Rxd5 36.Qb4
gxf6 37.exf6 b2 38.Qxb2 Rxh4 39.Qc3 Rf4 40.Qg3+ {#r} 1-0

[Event "12th American Continental"]
[Site "Medellin COL"]
[Date "2017.06.13"]
[Round "6.69"]
[White "Lora,J"]
[Black "Castano Ortiz,Eder"]
[Result "1-0"]
[WhiteElo "2193"]
[BlackElo "2029"]

1.c4 Nf6 2.Nc3 e5 3.Nf3 Nc6 4.g3 d5 5.cxd5 Nxd5 6.Bg2 Be6 7.O-O Be7 8.d4 Nxc3
9.bxc3 e4 10.Nd2 f5 11.e3 O-O 12.Qc2 Na5 13.c4 c6 14.Rd1 b5 15.Bf1 a6 16.Bb2
Bf6 17.Bc3 Rf7 18.Bxa5 Qxa5 19.a4 Qc7 20.Nb3 b4 21.a5 Be7 22.c5 g5 23.Nd2 Bd5
24.Rdb1 b3 25.Nxb3 f4 26.Nd2 fxg3 27.fxg3 Raf8 28.Bxa6 h5 29.Rf1 h4 30.Kg2 Qd7
31.Be2 hxg3 32.hxg3 Rh7 33.Rh1 Qf5 34.Raf1 Qg6 35.Rxf8+ Kxf8 36.Rxh7 Qxh7
37.Qd1 Bd8 38.a6 Be6 39.Bg4 Bd5 40.Qf1+ Ke8 41.Qf5 {#r} 1-0